Fußball Top 10 #20 (Spieler mit meisten CL Toren für nur einen Verein) - Statistiken

Allgemein
  • Dieses Quiz wurde 125 mal gespielt
  • Das Durchschnittsergebnis liegt bei 5 aus 10
Antwortstatistiken
Platz Spiele nur für… Tore Verein % Korrekt
1 FC Bayern München 55 Thomas Müller
99%
3 Manchester United 30 Wayne Rooney
71%
6 Borussia Dortmund 24 Marco Reus
70%
4 Manchester United 28 Ryan Giggs
60%
2 Juventus Turin 42 Alessandro Del Piero
58%
8 FC Chelsea 23 Frank Lampard
43%
10 FC Liverpool / Dynamo Kiew 21 Steven Gerrard / Sergiy Rebrov
43%
7 Manchester United 24 Paul Scholes
41%
9 FC Liverpool 22 Roberto Firmino
31%
5 Real Madrid 26 Vinicius jr.
21%
Keine übereinstimmenden Quizze gefunden
Verteilung der Resultate
Anzahl Personen mit jedem Resultat
Perzentil nach korrekt beantworteten Fragen
Ihre Resultats-Entwicklung
Sie haben dieses Quiz noch nicht gespielt